|
|
|
|
| LEADER |
00000nam0a2200000 4500 |
| 001 |
17744 |
| 005 |
20231101205150.0 |
| 035 |
|
|
|a (RuTPU)RU\TPU\book\17890
|
| 035 |
|
|
|a BOOK00002578
|
| 090 |
|
|
|a 17744
|
| 100 |
|
|
|a 20011209d1986 km y0rusy50 ca
|
| 101 |
0 |
|
|a rus
|
| 102 |
|
|
|a RU
|
| 105 |
|
|
|a y z 000zy
|
| 200 |
1 |
|
|a Советская экономическая политика в первые годы пролетарской диктатуры. Проблемы регулирования рыночных отношений
|f В. П. Дмитренко
|
| 210 |
|
|
|a Москва
|c Наука
|d 1986
|
| 215 |
|
|
|a 254 с.
|
| 606 |
1 |
|
|a Экономическая история
|2 stltpush
|3 (RuTPU)RU\TPU\subj\26578
|9 50473
|
| 606 |
1 |
|
|a Рабочий контроль над производством и распеределением
|2 stltpush
|3 (RuTPU)RU\TPU\subj\22275
|
| 610 |
1 |
|
|a экономика
|
| 610 |
1 |
|
|a экономическая политика
|
| 610 |
1 |
|
|a СССР
|
| 610 |
1 |
|
|a торговля
|
| 610 |
1 |
|
|a 20 век
|
| 686 |
|
|
|a У03
|v LBC/SL-A
|2 rubbk
|
| 686 |
|
|
|a Ф61(2)43
|v LBC/SL-A
|2 rubbk
|
| 700 |
|
1 |
|a Дмитренко
|b В. П.
|g Владимир Петрович
|
| 801 |
|
0 |
|a RU
|b 63413507
|c 20011209
|g PSBO
|
| 801 |
|
2 |
|a RU
|b 63413507
|c 20171027
|g PSBO
|
| 942 |
|
|
|c BK
|